Manual of Photogrammetry (Record no. 104438)
[ view plain ]
| 000 -LEADER | |
|---|---|
| fixed length control field | 01532cam a2200289 4500 |
| 001 - CONTROL NUMBER | |
| control field | ##L130360 |
| 008 - FIXED-LENGTH DATA ELEMENTS--GENERAL INFORMATION | |
| fixed length control field | 050720n2004 000 0 eng u |
| 020 ## - INTERNATIONAL STANDARD BOOK NUMBER | |
| International Standard Book Number | 1570830711 |
| 035 ## - SYSTEM CONTROL NUMBER | |
| System control number | (Sirsi) u130360 |
| 041 0# - LANGUAGE CODE | |
| Language code of text/sound track or separate title | eng |
| 050 04 - LIBRARY OF CONGRESS CALL NUMBER | |
| Classification number | 526.982 $2 18 |
| 100 1# - MAIN ENTRY--PERSONAL NAME | |
| Personal name | McGlone, J Chris |
| 245 00 - TITLE STATEMENT | |
| Title | Manual of Photogrammetry |
| 250 ## - EDITION STATEMENT | |
| Edition statement | 5th ed. |
| 260 ## - PUBLICATION, DISTRIBUTION, ETC. | |
| Place of publication, distribution, etc. | Maryland |
| Name of publisher, distributor, etc. | ASPRS |
| Date of publication, distribution, etc. | 2004 |
| 300 ## - PHYSICAL DESCRIPTION | |
| Extent | xvi, 1151 |
| Other physical details | ill |
| Dimensions | 26cm |
| 350 ## - PRICE (NR) (BK AM CF MU VM SE) [OBSOLETE] | |
| Price | 168.75 |
| 505 2# - FORMATTED CONTENTS NOTE | |
| Formatted contents note | A brief history of photogrammetry - mathematical concepts in photogrammetry - the mathematics of photogrammetry - elements of photogrammetric optics - digital image processing - basic computer vision techniques - detectors and sensors - cameras and sensing systems - photogrammetric platforms - classical photogrammetric equipment - analytical photogrammetric operations - automation and digital photogrammetric workstations - photogrammetric products - photogrammetric applications - project and mission planning. |
| 520 ## - SUMMARY, ETC. | |
| Summary, etc. | This new edition places the emphasis on digital methods and products. It explains the mathematics in projective geometry and statistics, and discusses digital image processing and computer vision algorithms to help the reader understand digital production operations. |
| 520 ## - SUMMARY, ETC. | |
| Summary, etc. | Supercedes 4th ed (ISBN 0937294012) |
| 590 ## - LOCAL NOTE (RLIN) | |
| Local note | 221105 |
| 690 ## - LOCAL SUBJECT ADDED ENTRY--TOPICAL TERM (OCLC, RLIN) | |
| Topical term or geographic name as entry element | ENVIRONMENTAL AND LAND CONSULTANCY-GEOMATICS-PHOTOGRAMMETRY AND REMOTE SENSING |
| 700 1# - ADDED ENTRY--PERSONAL NAME | |
| Personal name | Mikhail, Edward M |
| 700 1# - ADDED ENTRY--PERSONAL NAME | |
| Personal name | Bethel, James |
| 700 1# - ADDED ENTRY--PERSONAL NAME | |
| Personal name | Mullen, Roy |
| 942 ## - ADDED ENTRY ELEMENTS (KOHA) | |
| Suppress in OPAC | 0 |
| Withdrawn status | Lost status | Source of classification or shelving scheme | Damaged status | Not for loan | Home library | Current library | Shelving location | Date acquired | Cost, normal purchase price | Total Checkouts | Full call number | Barcode | Date last seen | Copy number | Cost, replacement price | Price effective from | Koha item type |
|---|---|---|---|---|---|---|---|---|---|---|---|---|---|---|---|---|---|
| Dewey Decimal Classification | London | London | Books | 17/11/2005 | 168.75 | 526.982 MCG | 30071301 | 06/08/2019 | 1 | 168.75 | 06/08/2019 | Book |